Rozpoznaj polskich sportowców po opisie #2 - Statystyki

Ogólne statystyki
  • Ten quiz został rozwiązany 32 razy
  • Średni wynik to 7 z 20
Statystyki odpowiedzi
Opis Sportowiec % Poprawnych
Zdobył cztery Kryształowe Kule w skokach narciarskich. Zgodnie ze słowami Włodzimierza Szaranowicza "fenomen socjologiczny", dla którego "co tydzień siadaliśmy jak do telenoweli". Adam Małysz
100%
Rekordzistka świata w rzucie młotem, trzykrotna złota medalistka Igrzysk Olimpijskich. Anita Włodarczyk
93%
W eliminacjach do Euro 2016 strzelił pierwszą bramkę w pamiętnym zwycięstwie nad Niemcami. Na turnieju dołożył zwycięskie trafienie w meczu z Irlandią Północną. Arkadiusz Milik
79%
Miał już na koncie dwa medale Mistrzostw Świata, gdy w 2010 roku stracił oko. Nie przerwał jednak kariery i z jednym okiem, grając w specjalnych okularach, dołożył później jeszcze jeden krążek. Karol Bielecki
72%
Arcymistrz szachowy, w 2021 roku wygrał Puchar Świata FIDE, dzięki czemu zapewnił sobie udział w turnieju pretendentów do Mistrzostwa Świata. Jan-Krzysztof Duda
52%
Sensacyjny Mistrz Olimpijski w chodzie na 50km. Nigdy przed ani po tym sukcesie nie zdobywał medali najważniejszych seniorskich czempionatów. Dawid Tomala
45%
Jeden z dwojga polskich mistrzów UFC, a jedyny wśród mężczyzn. W początkowych latach kariery walczył na galach KSW. Jan Błachowicz
45%
Na przełomie XX i XXI wieku zdobywała medale najważniejszych imprez w podnoszeniu ciężarów, w najwyższej kategorii wagowej. Pod koniec kariery i po jej zakończeniu zmaga się z wieloma problemami zdrowotnymi. Agata Wróbel
41%
Dwukrotny indywidualny wicemistrz świata na żużlu, w 2010 roku pokonał go Tomasz Gollob. Drużynowo aż 6 razy zdobywał Mistrzostwo Świata. Jarosław Hampel
34%
W 2025 roku zdobyła trzy medale Mistrzostw Świata, w tym dwa złote - dzięki temu wygrała Plebiscyt Przeglądu Sportowego na Sportowca Roku. Klaudia Zwolińska
34%
Pierwszy Polak w lidze NBA. Rozegrał tam jednak zaledwie 22 mecze, w których zdobył łącznie 15 punktów. Cezary Trybański
31%
Zapaśniczka, która w 2016 roku zdobyła medal Igrzysk Olimpijskich. Pięć lat później ten sukces powtórzył jej brat. Monika Michalik
21%
Panczenistka, która razem z dwiema Katarzynami, Bachledą-Curuś oraz Woźniak, zdobyła dwa medale Igrzysk w wyścigach drużynowych. Luiza Złotkowska
17%
18-krotny Mistrz Świata w sportach szybowcowych. W duecie z Sebastianem Lampartem, jako pierwsi ludzie przelecieli szybowcem nad K2. Sebastian Kawa
17%
W 2011 roku ukończyła na czwartym miejscu siedmiobój podczas lekkoatletycznych Mistrzostw Świata. Pięć lat później, po dyskwalifikacji pierwotnej mistrzyni, przyznano jej brązowy medal. Karolina Tymińska
10%
Szpadzistka, która na Igrzyskach w Paryżu w 2024 roku, na 3 sekundy przed końcem drużynowej rywalizacji o brąz, zadała cios na remis. W dogrywce dołożyła kolejny, dający Polsce medal. Aleksandra Jarecka
7%
Jedna z liderek siatkarskiej reprezentacji Polski, która w 2009 roku zdobyła brązowy medal Mistrzostw Europy rozgrywanych w naszym kraju. Grała z numerem 1 na koszulce, dziewiąta w Plebiscycie Przeglądu Sportowego za tamten rok. Anna Werblińska
7%
Od połowy lat 90. do 2010 roku etatowy reprezentant Polski w biegach narciarskich, specjalizujący się w konkurencjach sprinterskich. Wygrał jedne zawody Pucharu Świata. Janusz Krężelok
7%
W badmintonowym mikście z Robertem Mateusiakiem trzy razy dochodziła do ćwierćfinału Igrzysk Olimpijskich. Urodzona na Białorusi. Nadieżda Zięba
7%
Razem z Dominiką Piwkowską zajęła 6. miejsce w saneczkarskich dwójkach na Zimowych Igrzyskach w 2026 roku. Dokonała tego na 9-letnich sankach. Nikola Domowicz
3%
Nie znaleziono quizów pasujących do podanych kryteriów
Rozkład punktacji
Procent ludzi z każdym wynikiem
Percentyl według liczby udzielonych odpowiedzi
Twoja historia wyników
Nie rozwiązałeś tego quizu